000 01661nam a2200349 i 4500
001 000027264
003 DO-SdBNP
005 20251210095949.0
007 ta
008 100804s2010 dr 001 0 spa d
020 _z9789945870794
040 _aDO-SdBNP
_bspa
_cBNPHU
_erda
041 _aspa
082 4 _a305.80972
_bD542e
_222
100 1 _aDíaz Polanco, Héctor,
_d1944-
_92421
_eautor
_4aut.
245 1 0 _aEnsayos sobre identidad :
_bvisiones desde México /
_cHéctor Díaz-Polanco
264 4 _aSanto Domingo, República Dominicana :
_bDirección General de la Feria del Libro,
_c2010.
300 _a247 páginas ;
_c23 cm.
336 _atexto
_btxt
_2rdacontent
337 _asin mediación
_bn
_2rdamedia
338 _avolumen
_bnc
_2rdacarrier
504 _aIncluye referencias bibliográficas y notas al pie de páginas.
505 _aPreámbulo, 7.-- El canon Snorri : la virtud de la tolerancia, 13.-- Identidad, globalización y etnofagia, 21.-- La antropología social y la diversidad, 71.-- Pueblos indios en los estados nacionales, 103.-- Lo nacional y lo étnico en México, 147.-- La izquierda frente a la identidad, 175.-- Juntas de buen gobierno. La autonomía regional zapatista, 207.-- Siete mitos sobre la autonomía, 227.
590 _aInventariado, 2018/BT
650 4 _aEnsayos mexicanos
_91921
650 0 _aIdentidad nacional
_92163
650 4 _aIdentidad cultural
_zMéxico
_xEnsayos, conferencias, etc.
_954323
650 4 _aNacionalismo y cultura
_922911
651 4 _aMéxico
_xCaracterísticas Nacionales
_xEnsayos, Conferencias, Etc.
_954324
910 _aValidado. Control de calidad. EMS
942 _2ddc
_cLBS1
999 _c26756
_d26756